Most Racially Inequal Countries - Statistics

General Stats
  • This quiz has been taken 45 times
  • The average score is 3 of 12
Answer Stats
Rank Worldwide Country % Correct
85 Israel
66%
89 Iran
63%
82 Kuwait
37%
87 South Korea
32%
78 Jordan
29%
86 Myanmar
29%
81 Bahrain
24%
84 Azerbaijan
18%
88 Belarus
13%
83 Uzbekistan
13%
80 Tunisia
8%
79 El Salvador
0%
No matching quizzes found
Score Distribution
Percent of People with Each Score
Percentile by Number Answered
Your Score History
You have not taken this quiz